<?xml version="1.0" encoding="UTF-8"?>
<record
    xmlns:xsi="http://www.w3.org/2001/XMLSchema-instance"
    xsi:schemaLocation="http://www.loc.gov/MARC21/slim http://www.loc.gov/standards/marcxml/schema/MARC21slim.xsd"
    xmlns="http://www.loc.gov/MARC21/slim">

  <leader>00958nam a22002417a 4500</leader>
  <datafield tag="952" ind1=" " ind2=" ">
    <subfield code="a">0001</subfield>
    <subfield code="b">0001</subfield>
    <subfield code="d">2020-11-13</subfield>
    <subfield code="l">0</subfield>
    <subfield code="o">327.9561 S65t 1973</subfield>
    <subfield code="p">019731</subfield>
    <subfield code="r">2020-11-13 00:00:00</subfield>
    <subfield code="t">c.1</subfield>
    <subfield code="w">2020-11-13</subfield>
    <subfield code="x">Emine Ba&#x15F;ak Alkan Ba&#x11F;&#x131;&#x15F;&#x131;d&#x131;r.</subfield>
    <subfield code="y">BKS</subfield>
  </datafield>
  <datafield tag="999" ind1=" " ind2=" ">
    <subfield code="c">14201</subfield>
    <subfield code="d">14201</subfield>
  </datafield>
  <controlfield tag="003">MIRAKIL</controlfield>
  <controlfield tag="005">20201113162930.0</controlfield>
  <controlfield tag="008">201113b        tu ||||| |||| 00| 0 tur d</controlfield>
  <datafield tag="040" ind1=" " ind2=" ">
    <subfield code="a">TR-AnCHP</subfield>
    <subfield code="b">tur</subfield>
    <subfield code="c">TR-AnCHP</subfield>
  </datafield>
  <datafield tag="041" ind1=" " ind2=" ">
    <subfield code="a">tur</subfield>
  </datafield>
  <datafield tag="082" ind1=" " ind2=" ">
    <subfield code="a">327.9561</subfield>
    <subfield code="b">S65t 1973</subfield>
  </datafield>
  <datafield tag="100" ind1=" " ind2=" ">
    <subfield code="a">Sonyel, Sal&#xE2;hi R.</subfield>
  </datafield>
  <datafield tag="245" ind1=" " ind2=" ">
    <subfield code="a">T&#xFC;rk Kurtulu&#x15F; Sava&#x15F;&#x131; ve d&#x131;&#x15F; politika I :</subfield>
    <subfield code="b">Mondros b&#x131;rak&#x131;&#x15F;mas&#x131;ndan B&#xFC;y&#xFC;k Millet Meclisi'nin a&#xE7;&#x131;l&#x131;&#x15F;&#x131;na kadar/</subfield>
    <subfield code="c">Sal&#xE2;hi R. Sonyel.</subfield>
  </datafield>
  <datafield tag="246" ind1=" " ind2=" ">
    <subfield code="a">Mondros b&#x131;rak&#x131;&#x15F;mas&#x131;ndan B&#xFC;y&#xFC;k Millet Meclisi'nin a&#xE7;&#x131;l&#x131;&#x15F;&#x131;na kadar</subfield>
  </datafield>
  <datafield tag="260" ind1=" " ind2=" ">
    <subfield code="a">Ankara:</subfield>
    <subfield code="b">T&#xFC;rk Tarih Kurumu,</subfield>
    <subfield code="c">1973.</subfield>
  </datafield>
  <datafield tag="300" ind1=" " ind2=" ">
    <subfield code="a">255 s.:</subfield>
    <subfield code="c">23 sm.</subfield>
  </datafield>
  <datafield tag="440" ind1=" " ind2=" ">
    <subfield code="a">AKDTYK T&#xFC;rk Tarih Kurumu yay&#x131;nlar&#x131;</subfield>
    <subfield code="v">xv&#x131;. dizi-sa. 19</subfield>
  </datafield>
  <datafield tag="504" ind1=" " ind2=" ">
    <subfield code="a">Kaynak&#xE7;a ve dizin vard&#x131;r.</subfield>
  </datafield>
  <datafield tag="650" ind1=" " ind2="0">
    <subfield code="a">T&#xFC;rkiye</subfield>
    <subfield code="x">Tarih</subfield>
    <subfield code="9">4</subfield>
    <subfield code="y">Kurtulu&#x15F; sava&#x15F;&#x131;</subfield>
  </datafield>
  <datafield tag="650" ind1=" " ind2="0">
    <subfield code="a">T&#xFC;rkiye</subfield>
    <subfield code="x">D&#x131;&#x15F; politika</subfield>
    <subfield code="9">4</subfield>
  </datafield>
  <datafield tag="740" ind1=" " ind2=" ">
    <subfield code="a">Mondros b&#x131;rak&#x131;&#x15F;mas&#x131;ndan B&#xFC;y&#xFC;k Millet Meclisi'nin a&#xE7;&#x131;l&#x131;&#x15F;&#x131;na kadar</subfield>
  </datafield>
  <datafield tag="942" ind1=" " ind2=" ">
    <subfield code="c">BKS</subfield>
    <subfield code="2">ddc</subfield>
  </datafield>
</record>
